| 000 | 00873nam a2200253Ia 4500 | ||
|---|---|---|---|
| 003 | OSt | ||
| 005 | 20220923214028.0 | ||
| 006 | a|||||r|||| 00| 0 | ||
| 007 | ta | ||
| 008 | 220922b |||||||| |||| 00| 0 hin d | ||
| 024 | _a166,595 | ||
| 037 | _cTextual | ||
| 040 |
_aARTS _cARTS _bhin |
||
| 041 |
_2hin _ahin |
||
| 082 | _aO152,1N07:g, L2 | ||
| 100 |
_aगौतम, लक्ष्मणदत _9156270 |
||
| 245 | 0 |
_aमहादेवी वर्मा _b कवि और गद्यकार |
|
| 246 | _ahinādevī varmā: kavi aur gadyakāra | ||
| 260 |
_aदिल्ली _b कोर्णाक प्रकाशन _c1972 |
||
| 300 |
_a164पृ. _ccm. |
||
| 650 |
_aहिन्दी साहित्य _9156264 |
||
| 942 |
_hO152,1N07:g, L2 _cTEXL _2CC |
||
| 999 |
_c321074 _d321074 |
||